Outplacement a jeho dopady na riadenie ľudských zdrojov v podniku diplomová práca

Uložené v:
Podrobná bibliografia
Hlavný autor: Kahanová, Miroslava
Korporativný autor: Fakulta podnikového manažmentu EU. Katedra manažmentu
Ďalší autori: Nachtmannová, Oľga, 1963-
Médium: Kniha
Jazyk:Slovak
Vydavateľské údaje: Bratislava 2015
Tagy: Pridať tag
Žiadne tagy, Buďte prvý, kto otaguje tento záznam!

MARC

LEADER 00000nbm a2200000 4500
001 0201321
005 20161212102104.0
041 0 |a slo 
044 |a SK 
245 1 0 |a Outplacement a jeho dopady na riadenie ľudských zdrojov v podniku  |b diplomová práca  |c Miroslava Kahanová ; školiteľ: Oľga Nachtmannová 
264 1 |a Bratislava  |c 2015 
300 |a 86 s. 
100 1 |a Kahanová, Miroslava 
700 1 |a Nachtmannová, Oľga, 1963- 
710 2 |a Fakulta podnikového manažmentu EU. Katedra manažmentu